<?xml version="1.0" encoding="UTF-8"?>
<collection xmlns="http://www.loc.gov/MARC21/slim">
  <record>
    <leader>00000nam  2200000   4500</leader>
    <controlfield tag="001">INLIS000000000000610</controlfield>
    <controlfield tag="005">20180724135527</controlfield>
    <controlfield tag="008">180724|||||||||   |   |||   |||| ||   | </controlfield>
    <datafield tag="035" ind1=" " ind2=" ">
      <subfield code="0">010-0718000610</subfield>
    </datafield>
    <datafield tag="041" ind1=" " ind2=" ">
      <subfield code="a">id</subfield>
    </datafield>
    <datafield tag="082" ind1=" " ind2=" ">
      <subfield code="a">006</subfield>
    </datafield>
    <datafield tag="090" ind1=" " ind2=" ">
      <subfield code="a">R 006 PIM I 2004</subfield>
    </datafield>
    <datafield tag="100" ind1=" " ind2=" ">
      <subfield code="a">Korry , Imron</subfield>
    </datafield>
    <datafield tag="245" ind1=" " ind2=" ">
      <subfield code="a">Peningkatan Partisipasi Masyarakat Melalui Corporate Social Responsibility (CBR) Peduli Dunsanak Tentram di Wilayah Hukum POLDA Sumatera Barat</subfield>
    </datafield>
    <datafield tag="260" ind1=" " ind2=" ">
      <subfield code="a">Jakarta</subfield>
      <subfield code="b">LAN Jakrta</subfield>
      <subfield code="c">2014</subfield>
    </datafield>
    <datafield tag="300" ind1=" " ind2=" ">
      <subfield code="a">18 hlm.</subfield>
    </datafield>
    <datafield tag="500" ind1=" " ind2=" ">
      <subfield code="a">CSR merupakan salah satu peluang dalam mengatasi kendala dan kelemahan yang ada pada upaya mewujudkan dan memelihara Dunsanak tentram, namun perlu upaya yang insentif dan memerlukan waktu yang cukup panjang untuk menyakinkan pimpinan perusahaan/badan usaha dalam mengimplentasikannya. Peningkatan partisipasi masyarakat, melalui peningkatan kemampuan dan keterampilan perangkat Dunsakan tentram disekitar perusahaan/badan usaha berdampak langsung dengan peningkatan keamanan dan ketertiban didalam perusahaan/badan usaha.</subfield>
    </datafield>
    <datafield tag="650" ind1=" " ind2=" ">
      <subfield code="a">Partisipasi Masyarakat</subfield>
    </datafield>
  </record>
</collection>
